| 000 | 00329nam a22001337a 4500 | ||
|---|---|---|---|
| 008 | 180905b xxu||||| |||| 00| 0 eng d | ||
| 020 | _a9780470184646 | ||
| 041 | _aeng | ||
| 080 |
_25 ED _a541 |
||
| 100 | _a12 | ||
| 101 | _aKIM | ||
| 245 |
_aChemistry Study Guide Mater And Its Changes _cJeepersen.N.D |
||
| 942 |
_2udc _cBK |
||
| 999 |
_c47536 _d47536 |
||